Taylor Swift - Compléter le bridge de Don't Blame Me - Statistiques

Statistiques générales
  • Ce quiz a été pris 130 fois
  • Le résultat moyen est 4 sur 5
Statistiques - réponses
Question Réponse % Correct
I get so ***, oh high
98%
*** of my life, oh Trip
90%
Every time you're, every time you're me. You're *** me touchin'
67%
Every time you're, every time you're *** me lovin'
65%
Every time you're, every time you're *** me. You're *** me lovin'
57%
Aucun quiz correspondant
Distribution des résultats
% des personnes avec chaque résultat
Percentile par nombre de réponses
Votre historique - résultats
Vous n’avez pas pris ce quiz